000 01154nam2a22003131 4500
001 v19\rc\1611857
005 20250618224308.0
035 _a(NLR Aleph) 004732116
090 _a4450855
_c4450855
100 _a20061002d1897 |||y0rusy50 ca
101 0 _arus
102 _aRU
105 _ay z |||||
200 1 _aА - Бабаджанов
210 _d1897
_aБ. м.
215 _a[4], VI, [2], 476 с.
461 0 _1001v19\rc\1611856
_12001#$aРусские книги$eС биогр. данными об авт. и пер.$e(1708-1893)$fРед. С.А. Венгерова. Т. 1-$vТ. 1
_94450851
_cСанкт-Петербург
_d1897-1898
_fРед. С.А. Венгерова. Т. 1-
_nизд. Г.В. Юдина
_oС биогр. данными об авт. и пер. : (1708-1893)
_p3 т.
_tРусские книги
_vТ. 1
801 0 _aRU
_bNLR
_gpsbo
801 0 _aRU
_bRuMoRGB
_2psbo
801 1 _aRU
_bProSoft-M
_2rusmarc
852 _aNLR
_j421/102
899 _aRuMoRGB
_jКл 42/66
899 _aRuMoRGB
_jU 332/5
899 _aБАН
899 _aНБ СПбГУ
899 _aГПИБ
899 _aНБ МГУ
942 _cBOOK
980 _aNB